| 000 | 00919nam a2200253Ia 4500 | ||
|---|---|---|---|
| 003 | OSt | ||
| 005 | 20221005112842.0 | ||
| 006 | a|||||r|||| 00| 0 | ||
| 007 | ta | ||
| 008 | 221004b |||||||| |||| 00| 0 pan d | ||
| 020 |
_a9788182991668 (hbk) _c395 |
||
| 024 | _a104349 | ||
| 037 |
_b7830/VIII/A, 31/01/2011, Arsee Publishers _cTextual |
||
| 040 |
_aCRL _cCRL _bpan |
||
| 041 |
_2pan _apan |
||
| 082 | _aO153,1NNO:g, P9 | ||
| 100 | _aਸੌਖ਼ੀ, ਦੇਵਿੰਦਰ | ||
| 245 | 0 | _aਸੁਤਿੰਦਰ ਸਿੰਘ ਨੂਰ ਸਿੱਧਾਂਤ ਤੇ ਸਮੀਖਿਆ | |
| 260 |
_aਦਿੱਲੀ _bਆਰਸੀ ਭਾਰਤ੍ਰ _c2009 |
||
| 300 |
_a349ਪੰ _ccm. |
||
| 650 | _aਪੰਜਾਬੀ ਸਾਹਿਤ | ||
| 942 |
_hO153,1NNO:g, P9 _cTEXL _2cc |
||
| 999 |
_c1026186 _d1026186 |
||